Uso de los medios de comunicación y expresión de las emociones en sujetos trasnacionales: una exportación /

Збережено в:
Бібліографічні деталі
Автор: Giglia, Angela
Формат: Текст
Предмети:
Теги: Додати тег
Немає тегів, Будьте першим, хто поставить тег для цього запису!

MARC

LEADER 00000 a a2200000 04500
001 12384
003
040
100 |a Giglia, Angela  
245 |a Uso de los medios de comunicación y expresión de las emociones en sujetos trasnacionales:   |b una exportación /  |c Angela Giglia 
650 |a INTERNET  
650 |a ASPECTOS PSICOLOGICOS  
650 |a CORREO ELECTRONICO  
650 |a FAX  
650 |a TELEFONO  
773 |g volumen 10, número 18; páginas 93-113  
999 |c 25137  |d 25137